[Event "Challenge"]
[Site "http://www.queenalice.com/game.php?id=88210"]
[Date "2006.7.21"]
[Round "-"]
[White "Chaplin"]
[Black "Akim"]
[Result "0-1"]
[WhiteElo "1278"]
[BlackElo "1352"]

1. c4 e5 2. Nc3 Nc6 3. e4 Nf6 4. Nf3 d6 5. h3 Be6 6. d3 h6 7. b3 a6 8. Ba3 Be7
9. d4 exd4 10. Nxd4 Nxd4 11. Qxd4 c5 12. Qe3 O-O 13. e5 Ne8 14. h4 Qc7 15. exd6
Bxd6 16. Bd3 b6 17. Bb2 Nf6 18. Ne4 Ng4 19. Qd2 Bf4 20. Qc3 Be5 21. Qc1 Rad8 22.
Be2 f5 23. Bxg4 fxg4 24. f3 gxf3 25. gxf3 Rxf3 26. Nf2 Bg3 27. Rf1 Qe7 28. Qc2
Bxc4+ 29. Qe2 Qxe2# 0-1

[Event "Challenge"]
[Site "http://www.queenalice.com/game.php?id=89989"]
[Date "2006.7.27"]
[Round "-"]
[White "cyrille_dejesus"]
[Black "Akim"]
[Result "0-1"]
[WhiteElo "1500"]
[BlackElo "1297"]

1. e4 e5 2. Nf3 Nc6 3. Bc4 Nf6 4. c3 d6 5. d4 Nxe4 6. O-O Bg4 7. Qe1 Bxf3 8.
gxf3 Ng5 9. Nd2 d5 10. Bxd5 Qxd5 11. Nc4 Nxf3+ 0-1

[Event "Re - Match"]
[Site "http://www.queenalice.com/game.php?id=91883"]
[Date "2006.8.2"]
[Round "-"]
[White "cyrille_dejesus"]
[Black "Akim"]
[Result "1-0"]
[WhiteElo "1455"]
[BlackElo "1371"]

1. e4 e5 2. Nf3 Nc6 3. Nc3 d6 4. Bc4 a6 5. a4 Nf6 6. d3 Nb4 7. O-O h6 8. g3 Bh3
9. Re1 Ng4 10. Nh4 Be7 11. Nf5 O-O 12. Nxe7+ Qxe7 13. Nd5 Nxd5 14. Bxd5 c6 15.
Bc4 Qf6 16. Be3 Nxe3 17. Rxe3 b5 18. Rf3 Qg6 19. axb5 cxb5 20. Bd5 Ra7 21. c3
Bg4 22. b4 Bxf3 23. Qxf3 Kh8 24. c4 bxc4 25. dxc4 f5 26. exf5 Rxf5 27. Qe3 Qf6
28. Qxa7 e4 29. Bxe4 Qxa1+ 30. Kg2 Rf8 31. Qe7 Rc8 32. Qe6 Qa4 33. Qxc8+ 1-0

[Event "Challenge"]
[Site "http://www.queenalice.com/game.php?id=93582"]
[Date "2006.8.7"]
[Round "-"]
[White "Akim"]
[Black "xavimg"]
[Result "0-1"]
[WhiteElo "1317"]
[BlackElo "1301"]

1. d4 Nf6 2. Nc3 Nc6 3. Nf3 e6 4. Bg5 Be7 5. e3 h6 6. Bh4 Bb4 7. a3 Be7 8. Bd3
Nd5 9. Qd2 g5 10. Bg3 g4 11. Ng1 h5 12. Nge2 h4 13. Be5 Nxe5 14. dxe5 d6 15.
Nxd5 exd5 16. h3 dxe5 17. hxg4 Bxg4 18. Ng3 Qd6 19. Bf5 Bxf5 20. Nxf5 Qg6 21.
Nxh4 Qe6 22. g3 Bf6 23. O-O-O O-O-O 24. Nf3 Qb6 25. Rxh8 Rxh8 26. Qxd5 e4 27.
Nd4 Rd8 28. Qxf7 Qa5 29. Qxf6 b6 30. Nc6 Rxd1+ 31. Kxd1 Qd5+ 32. Kc1 Kb7 33. Nd4
Qa5 34. Qc6+ Ka6 35. Qxc7 Qe1# 0-1

[Event "Challenge"]
[Site "http://www.queenalice.com/game.php?id=96183"]
[Date "2006.8.15"]
[Round "-"]
[White "magdaandreia"]
[Black "Akim"]
[Result "0-1"]
[WhiteElo "1337"]
[BlackElo "1390"]

1. d4 e6 2. e4 d5 3. f3 Bd7 4. a3 a6 5. Nc3 Ne7 6. Na4 Bxa4 7. b3 Bc6 8. Bg5 h6
9. Bh4 Qd7 10. e5 Nf5 11. g3 Nxh4 12. gxh4 Qe7 13. Qe2 Qxh4+ 14. Qf2 Qd8 15. a4
Bb4+ 16. Kd1 Qd7 17. Nh3 b5 18. c4 bxc4 19. bxc4 Bxa4+ 20. Kc1 a5 21. cxd5 exd5
22. Rg1 Qc6+ 23. Kb2 Bc3+ 24. Ka2 Na6 25. Rxg7 Nb4+ 26. Kb1 Bc2+ 27. Kc1 Bxa1
28. Be2 Bg6+ 29. Kd1 Qc2+ 30. Ke1 Kf8 31. Rxg6 Qxg6 32. Qf1 Bc3+ 33. Kd1 Qc2#
0-1

[Event "Challenge"]
[Site "http://www.queenalice.com/game.php?id=96184"]
[Date "2006.8.15"]
[Round "-"]
[White "Akim"]
[Black "regivaldo"]
[Result "1-0"]
[WhiteElo "1371"]
[BlackElo "1449"]

1. d4 e6 2. e4 Bb4+ 3. Bd2 Bxd2+ 4. Qxd2 Qe7 5. Nc3 c6 6. Nf3 f6 7. Bd3 d5 8.
O-O Nd7 9. Rfe1 g5 10. exd5 Nf8 11. dxe6 Bxe6 12. Bc4 Qb4 13. Bxe6 Nxe6 14.
Rxe6+ Kf7 15. Rae1 Kg7 16. Nxg5 fxg5 17. Qxg5+ Kf7 18. Qf5+ Kg7 19. Qe5+ Kf7 20.
Qxh8 Qf8 21. Qxh7+ Qg7 22. Qf5+ Nf6 23. Re7+ Kf8 24. Rxg7 Kxg7 25. Re7+ Kf8 26.
Qxf6+ Kg8 27. Qg7# 1-0

[Event "Challenge"]
[Site "http://www.queenalice.com/game.php?id=102711"]
[Date "2006.9.5"]
[Round "-"]
[White "prmntgen"]
[Black "Akim"]
[Result "1-0"]
[WhiteElo "1390"]
[BlackElo "1404"]

1. e4 e5 2. Nf3 Nc6 3. Bb5 Nge7 4. Nc3 a6 5. Ba4 d6 6. d3 Bd7 7. Bg5 h6 8. Bh4
g5 9. Bg3 Bg4 10. Nd5 b5 11. Bb3 a5 12. a4 b4 13. Nf6# 1-0

[Event "Challenge"]
[Site "http://www.queenalice.com/game.php?id=102712"]
[Date "2006.9.5"]
[Round "-"]
[White "Akim"]
[Black "zerocool0"]
[Result "1-0"]
[WhiteElo "1404"]
[BlackElo "1377"]

1. e4 e5 2. Nf3 f6 3. Nc3 c6 4. a3 d5 5. d3 Bg4 6. Be2 Nh6 7. h3 Be6 8. Bxh6
gxh6 9. Nd2 Qa5 10. b4 Qb6 11. Na4 Qb5 12. Nc5 Bf7 13. Bh5 Bxh5 14. Qxh5+ Ke7
15. c4 Qb6 16. cxd5 Nd7 17. Ndb3 cxd5 18. Qg4 Rd8 19. Qf5 Nxc5 20. Nxc5 a5 21.
O-O axb4 22. axb4 Rd6 23. Ra4 dxe4 24. dxe4 Rd4 25. Rc1 Kd6 26. Qd7# 1-0

[Event "Challenge"]
[Site "http://www.queenalice.com/game.php?id=102713"]
[Date "2006.9.5"]
[Round "-"]
[White "Toivop"]
[Black "Akim"]
[Result "1-0"]
[WhiteElo "1775"]
[BlackElo "1409"]

1. d4 d5 2. c4 e6 3. Nf3 dxc4 4. e3 b5 5. a4 c6 6. axb5 cxb5 7. b3 Ba6 8. bxc4
bxc4 9. Rxa6 Nxa6 10. Qa4+ Qd7 11. Qxa6 Rb8 12. Ne5 Qc7 13. Qa4+ Kd8 14. Nc6+
Kc8 15. Nxb8 Qxb8 16. Qe8+ Kb7 17. Qxf7+ Ka8 18. Qf3+ Qb7 19. Qxf8+ Qb8 20.
Qxb8+ Kxb8 21. Bxc4 Nf6 22. Bxe6 Re8 23. d5 Re7 24. Ke2 Rc7 25. Nd2 Rc2 26. d6
Ne4 27. d7 Kc7 28. Bf5 Ra2 29. Bb2 Nxd2 30. Rc1+ Kd8 31. Rc8+ 1-0

[Event "Challenge"]
[Site "http://www.queenalice.com/game.php?id=102715"]
[Date "2006.9.5"]
[Round "-"]
[White "chessnut"]
[Black "Akim"]
[Result "0-1"]
[WhiteElo "1315"]
[BlackElo "1424"]

1. e4 e5 2. Nf3 d6 3. Nc3 c6 4. b4 b5 5. Be2 Nh6 6. d3 Ng4 7. O-O h6 8. h3 Nf6
9. a3 Be6 10. Be3 Be7 11. d4 Nbd7 12. d5 cxd5 13. exd5 Bxh3 14. gxh3 Nh5 15.
Bxb5 a6 16. Bc6 Rc8 17. b5 axb5 18. Nxb5 O-O 19. Nxe5 Nxe5 20. Qxh5 Nc4 21. Qg4
Ne5 22. Qg3 Bg5 23. Kh2 Nxc6 24. dxc6 Rxc6 25. h4 Bxe3 26. Qxe3 Qxh4+ 27. Qh3
Qf4+ 28. Qg3 Qf5 29. Nd4 Qh5+ 30. Kg2 Rc4 31. Rh1 Qd5+ 32. Nf3 Rxc2 33. Rxh6 Re8
34. Rah1 f6 35. Rxf6 Rf8 36. Rg6 Rf7 37. a4 Ra2 38. Rxd6 Qe4 39. Qh4 Qxf3+ 40.
Kh2 Rxf2+ 41. Qxf2 Qxf2+ 0-1

[Event "Challenge"]
[Site "http://www.queenalice.com/game.php?id=102718"]
[Date "2006.9.5"]
[Round "-"]
[White "Akim"]
[Black "cyrus"]
[Result "0-1"]
[WhiteElo "1444"]
[BlackElo "1482"]

1. d4 d5 2. Nf3 Nc6 3. Nc3 Nf6 4. g3 Bg4 5. Bg2 e6 6. e3 Bb4 7. Bd2 Ne4 8. a3
Nxd2 9. Qxd2 Bd6 10. h3 Bh5 11. Nb5 Qf6 12. Nh2 O-O 13. Rc1 a6 14. Nxd6 cxd6 15.
O-O e5 16. Bxd5 exd4 17. c4 dxe3 18. Qxe3 Rae8 19. Qb6 Nd4 20. Bxb7 Ne2+ 21. Kg2
Nxc1 22. Rxc1 Rb8 23. Qxa6 Qxb2 24. Qxd6 Qxc1 25. Bd5 Rb1 26. Ng4 Qh1# 0-1

[Event "Challenge"]
[Site "http://www.queenalice.com/game.php?id=105809"]
[Date "2006.9.14"]
[Round "-"]
[White "Akim"]
[Black "Junior_Colegiao"]
[Result "0-1"]
[WhiteElo "1419"]
[BlackElo "1570"]

1. e4 e5 2. Nf3 Nc6 3. d3 Nf6 4. Be3 Be7 5. Nc3 d5 6. Bg5 d4 7. h3 h6 8. Bh4 O-O
9. Ne2 Nh7 10. c3 Bxh4 11. cxd4 exd4 12. Nexd4 Nxd4 13. g3 Nxf3+ 0-1

[Event "Challenge"]
[Site "http://www.queenalice.com/game.php?id=110531"]
[Date "2006.9.27"]
[Round "-"]
[White "draconis1"]
[Black "Akim"]
[Result "1-0"]
[WhiteElo "1740"]
[BlackElo "1451"]

1. d4 d5 2. c4 c6 3. Nc3 e6 4. Nf3 f6 5. Bf4 Bd6 6. Qd2 Ne7 7. e4 Nd7 8. Bxd6
Nb8 9. Ba3 Na6 10. Be2 b6 11. O-O Bb7 12. b3 Nc7 13. e5 f5 14. Qg5 g6 15. Qf6
Rf8 16. Qg7 h5 17. Nh4 c5 18. dxc5 Bc6 19. cxb6 axb6 20. Nxg6 Rxa3 21. Nxf8 Qa8
22. Bxh5+ Kd8 23. Qf6 dxc4 24. Rfd1+ Bd5 25. Nxd5 Nxd5 26. Nxe6+ Kc8 27. Rxd5
Qxd5 28. Qxe7 Qxe5 29. Rd1 1-0

[Event "Challenge"]
[Site "http://www.queenalice.com/game.php?id=110532"]
[Date "2006.9.27"]
[Round "-"]
[White "Akim"]
[Black "draconis1"]
[Result "0-1"]
[WhiteElo "1438"]
[BlackElo "1799"]

1. e4 e5 2. Nf3 Nc6 3. Nc3 Nf6 4. Bb5 d6 5. Bxc6+ bxc6 6. d3 Be7 7. h3 O-O 8.
O-O Be6 9. Be3 Qd7 10. Nh2 d5 11. Bd2 c5 12. a4 d4 13. Ne2 Rab8 14. b3 c4 15.
bxc4 Bb4 16. c3 dxc3 17. Nxc3 Qxd3 18. Rc1 Bxc3 19. Rxc3 Qxe4 20. Re1 Qc6 21.
Rxe5 Ne4 22. Re3 Nxd2 23. Qxd2 Rb1+ 24. Re1 Rxe1+ 25. Rxe1 Qxc4 26. Rc1 Qxa4 27.
Rxc7 a6 28. Qc1 h6 0-1

[Event "Challenge"]
[Site "http://www.queenalice.com/game.php?id=120264"]
[Date "2006.10.23"]
[Round "-"]
[White "chessnut"]
[Black "Akim"]
[Result "1-0"]
[WhiteElo "1356"]
[BlackElo "1438"]

1. e4 e5 2. Nf3 Nc6 3. Nc3 Nf6 4. Bd3 Bc5 5. a3 Ng4 6. O-O d6 7. b4 Bd4 8. h3
Nxf2 9. Rxf2 Bxf2+ 10. Kxf2 Qf6 11. Nd5 Qd8 12. c3 Ne7 13. c4 Nxd5 14. cxd5 Bd7
15. Qe2 a6 16. b5 axb5 17. Bxb5 O-O 18. Rb1 c6 19. dxc6 bxc6 20. Bc4 Be6 21.
Bxe6 fxe6 22. Qc4 Rc8 23. Qxe6+ Kh8 24. g4 Qh4+ 25. Kg2 Rxf3 26. Qxc8+ 1-0

[Event "Challenge"]
[Site "http://www.queenalice.com/game.php?id=123522"]
[Date "2006.10.30"]
[Round "-"]
[White "Akim"]
[Black "brazuka"]
[Result "0-1"]
[WhiteElo "1451"]
[BlackElo "1516"]

1. d4 e6 2. e4 Nf6 3. e5 Nd5 4. Nf3 b6 5. a3 Bb7 6. c4 Ne7 7. Nc3 d5 8. b3 dxc4
9. bxc4 Nbc6 10. Be2 Nf5 11. O-O Qd7 12. Re1 O-O-O 13. Ne4 h6 14. c5 b5 15. Bxb5
a6 16. Ba4 Qd5 0-1

[Event "Challenge"]
[Site "http://www.queenalice.com/game.php?id=123802"]
[Date "2006.10.31"]
[Round "-"]
[White "Trophonius"]
[Black "Akim"]
[Result "1-0"]
[WhiteElo "1922"]
[BlackElo "1451"]

1. e4 e5 2. Nf3 Nc6 3. Bb5 Nge7 4. O-O a6 5. Bc4 d5 6. exd5 Nxd5 7. Nxe5 Nxe5 8.
Re1 Be6 9. Rxe5 Be7 10. Qe1 O-O 11. Bxd5 Bxd5 12. Rxe7 Be6 13. Rxe6 fxe6 14. Nc3
Qd4 15. d3 Rf5 16. Qxe6+ Kh8 17. Qxf5 1-0